| 000 | 00688nam a22002177a 4500 | ||
|---|---|---|---|
| 003 | OSt | ||
| 005 | 20220715103929.0 | ||
| 008 | 191121b xxu||||| |||| 00| 0 eng d | ||
| 020 | _a9789386173720 | ||
| 040 | _cIIITMK | ||
| 082 | _a332.178 KAU/B | ||
| 100 |
_aKaushik, Anshul _917108 |
||
| 245 |
_aBlockchain & crypto currencies: _bEverything you need to know about bitcoin, monero, dash, litecoin, etherium & ripple _cAnshul Kaushik |
||
| 260 |
_aNew Delhi, _bKhanna Book Publishing, _c2019. |
||
| 300 | _aviii, 118p. | ||
| 650 |
_aCOMPUTER SCIENCE _917472 |
||
| 650 |
_aBLOCKCAHIN TECHNOLOGY _917473 |
||
| 650 |
_aCRYPTOCURRENCY _917474 |
||
| 650 |
_aBITCOIN _917475 |
||
| 942 |
_2ddc _cBK |
||
| 999 |
_c6655 _d6655 |
||